02695nam a22003734a 4500001001200000003000800012006001900020007001500039008004100054010001700095020004100112040002100153035002000174050002400194082001200218245016200230246003000392260005800422300002400480490002900504504005300533505120600586533015201792650003101944650002901975655002902004700004402033700002102077700003302098710001702131830003002148856012602178999001702304ebr10091857CaPaEBRm u cr cn|||||||||041001s2006 enka sb 001 0 eng  z 2004023070 z0195180941 (cloth : acid-free paper) aCaPaEBRcCaPaEBR a(OCoLC)6233315414aHV2474b.A38 2006eb04a41922200aAdvances in the sign language development of deaf childrenh[electronic resource] /cedited by Brenda Schick, Marc Marschark, and Patricia Elizabeth Spencer.30aSign language development aOxford ;aNew York :bOxford University Press,c2006. axvi, 395 p. :bill.1 aPerspectives on deafness aIncludes bibliographical references and indexes.0 tUnderstanding sign language development by deaf children /rMarc Marschark, Brenda Schick, and Patricia Elizabeth Spencer --tIssues of linguistic typology in the study of sign language development of deaf children /rDan I. Slobin --tThe development of gesture in hearing and deaf children /rV. Volterra, J.M. Iverson, and M. Castrataro --tPatterns and effects of language input to deaf infants and toddlers from deaf and hearing mothers /rPatricia E. Spencer and Margaret Harris --tAcquiring a visually-motivated language /rBrenda Schick --texical development of deaf children acquiring signed languages /rDiane Anderson --tDeaf children are verb attenders /rNini Hoiting --tLearning to fingerspell twice /rCarol A. Padden --tThe form of early signs /rRichard P. Meier --tAcquisition of syntax in signed languages /rDiane Lillo-Martin and Deborah Chen Pichler --tHow faces come to serve grammar /rJudy Reilly --tDeaf children's acquisition of modal terms /rBarbara Shaffer --tThe development of narrative skills in British Sign Language /rGary Morgan --tNatural signed language acquisition within the social context of the classroom /rJenny L. Singleton and Dianne D. Morgan. aElectronic reproduction.bPalo Alto, Calif. :cebrary,d2013.nAvailable via World Wide Web.nAccess may be limited to ebrary affiliated libraries. 0aSign language acquisition. 0aDeaf childrenxLanguage. 7aElectronic books.2local1 aSchick, Brenda S.q(Brenda Sue),d1952-1 aMarschark, Marc.1 aSpencer, Patricia Elizabeth.2 aebrary, Inc. 0aPerspectives on deafness.40uhttp://site.ebrary.com/lib/rucke/Doc?id=10091857zAn electronic book accessible through the World Wide Web; click to view c52602d52602